Statistics for Country Neighbour Connect: Largest, starting with World's Largest

Click here to take the quiz!

General Stats

  • This quiz has been taken 165 times
  • The average score is 96 of 154

Answer Stats

COUNTRY% Correct
Russia
100%
China
98%
India
97%
Pakistan
94%
Iran
93%
Iraq
86%
Oman
86%
Saudi Arabia
86%
Turkey
86%
United Arab Emirates
86%
Yemen
86%
Jordan
78%
Egypt
77%
Israel
77%
Sudan
77%
Syria
77%
Algeria
76%
Chad
76%
Libya
76%
Niger
76%
Angola
75%
Cameroon
75%
Central African Republic
75%
Democratic Republic of the Congo
75%
Mozambique
75%
Namibia
75%
Nigeria
75%
South Africa
75%
Tanzania
74%
Botswana
72%
Zambia
72%
Zimbabwe
71%
Kenya
70%
Malawi
70%
Ethiopia
69%
Djibouti
68%
Eritrea
68%
Rwanda
68%
Somalia
68%
South Sudan
68%
Uganda
68%
Burkina Faso
67%
Burundi
67%
Mali
67%
Mauritania
67%
Morocco
67%
Equatorial Guinea
66%
Gabon
66%
Republic of the Congo
66%
Argentina
64%
Belize
64%
Benin
64%
Bolivia
64%
Brazil
64%
Canada
64%
Colombia
64%
Costa Rica
64%
Ecuador
64%
El Salvador
64%
France
64%
Guatemala
64%
Guyana
64%
Honduras
64%
Mexico
64%
Nicaragua
64%
Panama
64%
Peru
64%
Spain
64%
Suriname
64%
Swaziland
64%
United States
64%
Venezuela
64%
Albania
63%
Austria
63%
Bulgaria
63%
Chile
63%
Germany
63%
Greece
63%
Hungary
63%
Lesotho
63%
Macedonia
63%
Paraguay
63%
Poland
63%
Romania
63%
Serbia
63%
Ukraine
63%
Italy
62%
Liechtenstein
62%
Switzerland
62%
Uruguay
62%
Bosnia and Herzegovina
61%
Croatia
61%
Kosovo
61%
Montenegro
61%
Slovenia
61%
San Marino
60%
Slovakia
60%
Vatican City
60%
Czech Republic
59%
Moldova
59%
Belarus
57%
Denmark
57%
Estonia
57%
Latvia
57%
Lithuania
57%
Belgium
56%
Luxembourg
56%
Netherlands
56%
Andorra
54%
Monaco
53%
Ireland
51%
United Kingdom
51%
Côte d'Ivoire
49%
Gambia
49%
Ghana
49%
Guinea
49%
Guinea-Bissau
49%
Liberia
49%
Senegal
49%
Sierra Leone
49%
Togo
49%
Turkmenistan
49%
Afghanistan
48%
Armenia
48%
Azerbaijan
48%
Finland
48%
Georgia
48%
Kuwait
48%
Kyrgyzstan
48%
Norway
48%
Sweden
48%
Tajikistan
48%
Uzbekistan
48%
Bangladesh
47%
Bhutan
47%
Brunei
47%
Burma
47%
Cambodia
47%
East Timor
47%
Indonesia
47%
Kazakhstan
47%
Laos
47%
Malaysia
47%
Mongolia
47%
Nepal
47%
North Korea
47%
Papua New Guinea
47%
Qatar
47%
South Korea
47%
Thailand
47%
Vietnam
47%
Portugal
46%
Tunisia
46%
Lebanon
45%

Score Distribution

Percentile by Number Answered

Percent of People with Each Score

Your Score History

You have not taken this quiz